| 000 | 00726cam a2200265Ii 4500 | ||
|---|---|---|---|
| 999 |
_c5891 _d5891 |
||
| 001 | 28942 | ||
| 003 | GBCCL | ||
| 005 | 20241126110551.0 | ||
| 008 | 770428r19711967ilu b 000 0 eng d | ||
| 010 | _a 67029598 | ||
| 020 | _a0802478506 | ||
| 035 | _a(OCoLC)02924943 | ||
| 040 |
_aIDA _cIDA _dOCL |
||
| 049 | _aLBBK | ||
| 082 |
_a239 _bPIN |
||
| 100 | 1 |
_aPinnock, Clark H _d1937- _910660 |
|
| 245 | 1 | 0 |
_aSet forth your case: _bStudies in Christian Apologetics / _cClark H. Pinnock. |
| 250 | _a4th Printing | ||
| 260 |
_aChicago : _bMoody Press, _c1972 |
||
| 300 |
_a144 p. _c22 cm. |
||
| 504 | _aIncludes bibliography. | ||
| 650 | 0 |
_aApologetics _y20th century. _91383 |
|
| 650 | 0 |
_aApologetics _985 |
|
| 942 |
_2ddc _cBK _03 |
||